000 00638nam a22002177a 4500
003 UA-OsUOA
001 74690
007 ta
008 20110414b un ||||| |||| 00| 0 ukr d
100 _aСулима В.
090 _a82
_bС89
942 _cSA
040 _aUA-OsUOA
_bukr
_cUA-OsUOA
_dUA-OsUOA
245 _aМорфологія "Снів" Тараса Шевченка в контексті біблійних оніричних пророцтв
300 _aС.12-20
955 _a0
041 _aukr
080 _a82
773 0 _w74689
650 7 _a82 Література. Літературознавство
_2UDC
999 _c360983
_d360983